[Event "BL2-Ost 1112"]
[Site "Germany"]
[Date "2012.02.26"]
[Round "7.8"]
[White "Espig, Thomas"]
[Black "Rausch, Stephan"]
[Result "0-1"]
[WhiteElo "2227"]
[BlackElo "2342"]
[PlyCount "58"]
[EventDate "2011.10.02"]
[EventType "team-tourn"]
[EventRounds "9"]
[EventCountry "GER"]
[SourceTitle "EXT 2015"]
[Source "ChessBase"]
[SourceDate "2014.11.20"]
[SourceVersion "1"]
[SourceVersionDate "2014.11.20"]
[SourceQuality "1"]
[WhiteTeam "Plauen Koenig"]
[BlackTeam "Leipzig SG"]
[WhiteTeamCountry "GER"]
[BlackTeamCountry "GER"]

1. e4 e6 2. Nf3 d5 3. e5 c5 4. b4 cxb4 5. a3 Nc6 6. axb4 Bxb4 7. c3 Be7 8. d4 a6 9. Bd3 Bd7 10. h4 h6 11. h5 Na5 12. Na3 Rc8 13. Bd2 Nc4 14. Nxc4 dxc4 15. Be4 Bc6 16. Qe2 Bxe4 17. Qxe4 Qd5 18. Qf4 f5 19. 0-0 Bd8 20. Qg3 Rc7 21. Rfb1 g5 22. hxg6 Rg7 23. Ne1 Ne7 24. Qf3 Qxf3 25. Nxf3 Nd5 26. Ra4 Rc7 27. g7 Rg8 28. Ne1 Bg5 29. Bxg5 Nxc3 0-1

[Event "BL2-Ost 1112"]
[Site "Germany"]
[Date "2012.02.05"]
[Round "6.8"]
[White "Huemmer, Bernd"]
[Black "Espig, Thomas"]
[Result "1/2-1/2"]
[WhiteElo "2218"]
[BlackElo "2227"]
[PlyCount "25"]
[EventDate "2011.10.02"]
[EventType "team-tourn"]
[EventRounds "9"]
[EventCountry "GER"]
[SourceTitle "EXT 2015"]
[Source "ChessBase"]
[SourceDate "2014.11.20"]
[SourceVersion "1"]
[SourceVersionDate "2014.11.20"]
[SourceQuality "1"]
[WhiteTeam "Forchheim"]
[BlackTeam "Plauen Koenig"]
[WhiteTeamCountry "GER"]
[BlackTeamCountry "GER"]

1. c4 g6 2. Nc3 Bg7 3. g3 e5 4. Bg2 Ne7 5. Nf3 Nbc6 6. 0-0 0-0 7. Rb1 d5 8. cxd5 Nxd5 9. Nxe5 Nxc3 10. Nxc6 Nxe2+ 11. Qxe2 bxc6 12. Bxc6 Bf5 13. Ra1 1/2-1/2

[Event "BL2-Ost 1011"]
[Site "Germany"]
[Date "2011.01.16"]
[Round "5.8"]
[White "Espig, Thomas"]
[Black "Miller, Eduard"]
[Result "0-1"]
[WhiteElo "2228"]
[BlackElo "2110"]
[PlyCount "70"]
[EventDate "2010.10.10"]
[EventType "team-tourn"]
[EventRounds "9"]
[EventCountry "GER"]
[SourceTitle "EXT 2012"]
[Source "ChessBase"]
[SourceDate "2011.11.24"]
[SourceVersion "1"]
[SourceVersionDate "2011.11.24"]
[SourceQuality "1"]
[WhiteTeam "Koenig Plauen"]
[BlackTeam "Forchheim"]
[WhiteTeamCountry "GER"]
[BlackTeamCountry "GER"]

1. d4 d6 2. e4 Nf6 3. Nc3 g6 4. f3 c6 5. Be3 b5 6. Qd2 Nbd7 7. g4 Nb6 8. b3 Qc7 9. Bg2 Bb7 10. Nge2 h5 11. g5 Nfd7 12. h4 Bg7 13. 0-0 0-0 14. Rae1 a6 15. f4 c5 16. d5 b4 17. Nd1 a5 18. Ng3 a4 19. Bh3 axb3 20. axb3 Ra2 21. Qg2 c4 22. Rf2 Nc5 23. f5 Nbd7 24. bxc4 Be5 25. Nxh5 gxh5 26. Ref1 Re8 27. f6 Nf8 28. g6 exf6 29. gxf7+ Kxf7 30. Qg5 Nxe4 31. Qxh5+ Ke7 32. Rg2 Kd8 33. Bf4 Bxf4 34. Rxf4 Qxc4 35. Re2 Qxd5 0-1

[Event "BL2-Ost 1011"]
[Site "Germany"]
[Date "2010.10.10"]
[Round "1.7"]
[White "Espig, Thomas"]
[Black "Seifert, Volker"]
[Result "1/2-1/2"]
[WhiteElo "2228"]
[BlackElo "2332"]
[PlyCount "58"]
[EventDate "2010.10.10"]
[EventType "team-tourn"]
[EventRounds "9"]
[EventCountry "GER"]
[SourceTitle "EXT 2012"]
[Source "ChessBase"]
[SourceDate "2011.11.24"]
[SourceVersion "1"]
[SourceVersionDate "2011.11.24"]
[SourceQuality "1"]
[WhiteTeam "Koenig Plauen"]
[BlackTeam "Dresden TU"]
[WhiteTeamCountry "GER"]
[BlackTeamCountry "GER"]

1. d4 e6 2. Nf3 Nf6 3. Bg5 c5 4. e3 h6 5. Bh4 b6 6. Bd3 Bb7 7. Nbd2 cxd4 8. exd4 Be7 9. c3 0-0 10. Qe2 d6 11. 0-0-0 Nbd7 12. Rhg1 Nd5 13. Bxe7 Qxe7 14. Bc2 Rfc8 15. g4 Nf8 16. h4 g6 17. Ne4 Rab8 18. Kb1 b5 19. Nfd2 a5 20. f4 Nxf4 21. Qh2 e5 22. Rde1 N8e6 23. g5 h5 24. Nf6+ Kh8 25. Rxe5 Qc7 26. Rge1 Ng2 27. R1e2 Ngf4 28. Re1 Ng2 29. R1e2 Ngf4 1/2-1/2

[Event "Warsaw AIG Life rapid 3rd-4th"]
[Site "Warsaw"]
[Date "2005.04.14"]
[Round "6"]
[White "Espig, Thomas"]
[Black "Zeidler, Sven P"]
[Result "1/2-1/2"]
[WhiteElo "1537"]
[BlackElo "1772"]
[PlyCount "37"]
[EventDate "2005.12.17"]
[EventType "match (rapid)"]
[EventRounds "2"]
[EventCountry "POL"]
[SourceTitle "EXT 2007"]
[Source "ChessBase"]
[SourceDate "2006.11.23"]
[SourceVersion "1"]
[SourceVersionDate "2006.11.23"]
[SourceQuality "1"]

1. d4 d5 2. c4 e6 3. Nc3 Nf6 4. Nf3 Be7 5. Bf4 0-0 6. e3 a6 7. Ne5 Nbd7 8. Bd3 dxc4 9. Nxc4 b5 10. Na5 Nb8 11. Qf3 Ra7 12. Nb3 Bb7 13. Qg3 Bd6 14. 0-0-0 Bxf4 15. Qxf4 Qd6 16. Qh4 Qe7 17. Bxh7+ Kh8 18. Be4+ Kg8 19. Bh7+ 1/2-1/2

[Event "Warsaw AIG Life rapid 3rd-4th"]
[Site "Warsaw"]
[Date "2005.03.03"]
[Round "4"]
[White "Espig, Thomas"]
[Black "Gokhale, Anupama"]
[Result "1/2-1/2"]
[WhiteElo "1537"]
[BlackElo "607"]
[PlyCount "75"]
[EventDate "2005.12.17"]
[EventType "match (rapid)"]
[EventRounds "2"]
[EventCountry "POL"]
[SourceTitle "EXT 2007"]
[Source "ChessBase"]
[SourceDate "2006.11.23"]
[SourceVersion "1"]
[SourceVersionDate "2006.11.23"]
[SourceQuality "1"]

1. d4 d5 2. Nf3 Nf6 3. e3 e6 4. Bd3 Bd6 5. 0-0 0-0 6. b3 Bd7 7. Bb2 c5 8. Nbd2 b5 9. Ne5 c4 10. Be2 Qc7 11. Ndf3 Ne4 12. bxc4 bxc4 13. c3 Nc6 14. Nxd7 Qxd7 15. Qc2 Bc7 16. Bxc4 Qd6 17. Be2 Na5 18. a4 Rfc8 19. Ba3 Qc6 20. Bb4 Rab8 21. Bb5 Qb7 22. Qd3 Nc4 23. Bxc4 dxc4 24. Qc2 f5 25. a5 Qd5 26. Nd2 Ng5 27. f4 Nf7 28. Nf3 Nh6 29. Qe2 Ng4 30. Nd2 Bd6 31. Bxd6 Qxd6 32. Rfb1 Rxb1+ 33. Rxb1 Qa3 34. h3 Nf6 35. Nxc4 Qxc3 36. Ne5 Nd5 37. Kf2 Qxa5 38. Qb2 1/2-1/2

[Event "BL2-Ost 0405"]
[Site "Germany"]
[Date "2004.10.24"]
[Round "1.6"]
[White "Espig, Thomas"]
[Black "Bartsch, Berthold"]
[Result "1-0"]
[WhiteElo "2294"]
[BlackElo "2290"]
[PlyCount "73"]
[EventDate "2004.10.24"]
[EventType "team-tourn"]
[EventRounds "9"]
[EventCountry "GER"]
[SourceTitle "EXT 2007"]
[Source "ChessBase"]
[SourceDate "2006.11.23"]
[SourceVersion "1"]
[SourceVersionDate "2006.11.23"]
[SourceQuality "1"]
[WhiteTeam "Koenig Plauen"]
[BlackTeam "Forchheim"]
[WhiteTeamCountry "GER"]
[BlackTeamCountry "GER"]

1. d4 Nf6 2. Nf3 d5 3. e3 c6 4. Bd3 Bg4 5. b3 Nbd7 6. Bb2 Ne4 7. h3 Bh5 8. Nbd2 Nxd2 9. Qxd2 Bxf3 10. gxf3 e6 11. f4 g6 12. 0-0-0 Qh4 13. Kb1 f5 14. c4 Bd6 15. f3 0-0-0 16. Rc1 h6 17. b4 Kb8 18. c5 Bc7 19. b5 cxb5 20. Bxb5 Rh7 21. Qb4 Qe7 22. Ba3 Ka8 23. Rh2 Nb8 24. Rb2 Rg8 25. Qb3 Ba5 26. c6 Qc7 27. cxb7+ Qxb7 28. Qa4 Bb6 29. Bd6 Rc8 30. Rxc8 Qxc8 31. Rc2 Qb7 32. Bxb8 Qxb8 33. Bc6+ Rb7 34. Bxb7+ Kxb7 35. Qc6+ Ka6 36. Qxe6 Qb7 37. Qc8 1-0

[Event "Bundesliga 0304"]
[Site "Germany"]
[Date "2004.03.08"]
[Round "11.8"]
[White "Meins, Gerlef"]
[Black "Espig, Thomas"]
[Result "1/2-1/2"]
[WhiteElo "2454"]
[BlackElo "2300"]
[PlyCount "64"]
[EventDate "2003.11.01"]
[EventType "team-tourn"]
[EventRounds "15"]
[EventCountry "GER"]
[SourceTitle "CBM 100"]
[Source "ChessBase"]
[SourceDate "2004.06.01"]
[SourceVersion "1"]
[SourceVersionDate "2004.06.01"]
[SourceQuality "1"]
[WhiteTeam "Werder Bremen"]
[BlackTeam "Plauen Koenig"]
[WhiteTeamCountry "GER"]
[BlackTeamCountry "GER"]

1. d4 g6 2. e4 Bg7 3. c4 d6 4. Nc3 Nc6 5. d5 Nd4 6. Be3 c5 7. Nge2 Qb6 8. Qd2 e5 9. dxe6 fxe6 10. 0-0-0 e5 11. Nd5 Qc6 12. Nec3 Be6 13. Kb1 Qd7 14. Bg5 h6 15. Be3 0-0-0 16. Bxd4 exd4 17. Nb5 b6 18. Qc2 Kb7 19. a4 Ne7 20. Nbc7 Nc6 21. Nxe6 Qxe6 22. Bd3 g5 23. h4 Rdf8 24. f3 Be5 25. Qf2 Qg6 26. h5 Qe8 27. b3 Rh7 28. Rdf1 Rhf7 29. Qe2 Nd8 30. Kc2 Nc6 31. Kb1 Nd8 32. Kc2 Nc6 1/2-1/2

[Event "Bundesliga 0304"]
[Site "Germany"]
[Date "2003.12.14"]
[Round "6.8"]
[White "Souleidis, Georgios"]
[Black "Espig, Thomas"]
[Result "0-1"]
[WhiteElo "2401"]
[BlackElo "2300"]
[PlyCount "58"]
[EventDate "2003.11.01"]
[EventType "team-tourn"]
[EventRounds "15"]
[EventCountry "GER"]
[SourceTitle "CBM 099"]
[Source "ChessBase"]
[SourceDate "2004.03.30"]
[SourceVersion "1"]
[SourceVersionDate "2004.03.30"]
[SourceQuality "1"]
[WhiteTeam "Katernberg"]
[BlackTeam "Plauen Koenig"]
[WhiteTeamCountry "GER"]
[BlackTeamCountry "GER"]

1. e4 g6 2. d4 Bg7 3. Nc3 d6 4. Nf3 e6 5. Be2 b6 6. Be3 Ne7 7. Qd2 h6 8. 0-0 Bb7 9. d5 e5 10. Ne1 Nd7 11. f4 exf4 12. Bxf4 a6 13. Nf3 Ne5 14. Rad1 Nxf3+ 15. Bxf3 Qd7 16. h3 0-0-0 17. Bg4 f5 18. exf5 gxf5 19. Bf3 Ng6 20. Bh2 Kb8 21. b3 Rhg8 22. Ne2 Rde8 23. Nd4 Nh4 24. c4 Bf6 25. Kh1 Qg7 26. Rf2 Bxd4 27. Qxd4 Re1+ 28. Bg1 Rxg1+ 29. Kxg1 Nxf3+ 0-1

[Event "Bundesliga 0304"]
[Site "Germany"]
[Date "2003.12.13"]
[Round "5.8"]
[White "Espig, Thomas"]
[Black "Kengis, Edvins"]
[Result "0-1"]
[WhiteElo "2300"]
[BlackElo "2572"]
[PlyCount "58"]
[EventDate "2003.11.01"]
[EventType "team-tourn"]
[EventRounds "15"]
[EventCountry "GER"]
[SourceTitle "CBM 099"]
[Source "ChessBase"]
[SourceDate "2004.03.30"]
[SourceVersion "1"]
[SourceVersionDate "2004.03.30"]
[SourceQuality "1"]
[WhiteTeam "Plauen Koenig"]
[BlackTeam "Koeln Porz"]
[WhiteTeamCountry "GER"]
[BlackTeamCountry "GER"]

1. e4 c5 2. Nf3 e6 3. d3 Nc6 4. g3 Bd6 5. Bg2 Bc7 6. c3 Nge7 7. Na3 a6 8. Nc2 d5 9. Qe2 0-0 10. 0-0 b6 11. Nh4 a5 12. Be3 dxe4 13. dxe4 Ba6 14. c4 Nd4 15. Nxd4 cxd4 16. Rad1 e5 17. Bh3 Qd6 18. Bg5 Rfe8 19. b3 Bb7 20. Rfe1 g6 21. Rd3 Nc6 22. Rf3 Bd8 23. Qd2 Qb4 24. a3 Bxg5 25. Qxg5 Qxe1+ 26. Kg2 Nd8 27. Bd7 Bxe4 28. Bxe8 Bxf3+ 29. Nxf3 Qe4 0-1

[Event "Oberliga Ost-A 9495"]
[Site "Germany"]
[Date "1995.??.??"]
[Round "?"]
[White "Franz, Karsten"]
[Black "Espig, Thomas"]
[Result "1/2-1/2"]
[WhiteElo "2150"]
[BlackElo "2300"]
[PlyCount "45"]
[EventDate "1994.10.??"]
[EventType "team"]
[EventRounds "9"]
[EventCountry "GER"]
[SourceTitle "GER"]
[Source "ChessBase"]
[SourceDate "1999.07.01"]
[SourceVersion "1"]
[SourceVersionDate "1999.07.01"]
[SourceQuality "1"]

1. Nf3 d5 2. g3 e6 3. Bg2 f5 4. 0-0 Nf6 5. d3 Bc5 6. c4 c6 7. Qc2 Bb6 8. Nbd2 0-0 9. e4 Nbd7 10. b4 a5 11. c5 Bc7 12. Nd4 Ne5 13. exf5 exf5 14. b5 f4 15. a4 Nfg4 16. N2f3 Qf6 17. Ra2 Qg6 18. h3 Qh5 19. Qd1 fxg3 20. fxg3 Nxf3+ 21. Rxf3 Rxf3 22. Qxf3 Qe5 23. Ne2 1/2-1/2

[Event "Oberliga Ost-B 9293"]
[Site "Germany"]
[Date "1993.??.??"]
[Round "?"]
[White "Espig, Thomas"]
[Black "Gutman, Lev"]
[Result "0-1"]
[WhiteElo "2310"]
[BlackElo "2450"]
[PlyCount "70"]
[EventDate "1992.10.??"]
[EventType "team"]
[EventRounds "9"]
[EventCountry "GER"]
[SourceTitle "GER"]
[Source "ChessBase"]
[SourceDate "1999.07.01"]
[SourceVersion "1"]
[SourceVersionDate "1999.07.01"]
[SourceQuality "1"]

1. d4 Nf6 2. c4 g6 3. Nc3 Bg7 4. g3 d5 5. cxd5 Nxd5 6. Bg2 Nxc3 7. bxc3 0-0 8. Nf3 c5 9. 0-0 Nc6 10. d5 Nb8 11. Bf4 Nd7 12. e4 Qa5 13. c4 Nb6 14. Rc1 Bg4 15. Qd2 Qxd2 16. Nxd2 Na4 17. h3 Be2 18. Rfe1 Bb2 19. e5 Bxc1 20. Rxc1 Bd3 21. g4 Rad8 22. Bf3 a6 23. Nb3 b6 24. Bh6 Rfe8 25. d6 exd6 26. Bc6 Rxe5 27. Bxa4 b5 28. Na5 bxa4 29. Nc6 Rc8 30. Nxe5 dxe5 31. Rc3 e4 32. Bg5 Rb8 33. f3 Rb1+ 34. Kf2 Rb2+ 35. Kg3 Rc2 0-1

[Event "Oberliga Ost-B 9293"]
[Site "Germany"]
[Date "1993.??.??"]
[Round "?"]
[White "Euler, Gerd"]
[Black "Espig, Thomas"]
[Result "1/2-1/2"]
[WhiteElo "2345"]
[BlackElo "2310"]
[PlyCount "112"]
[EventDate "1992.10.??"]
[EventType "team"]
[EventRounds "9"]
[EventCountry "GER"]
[SourceTitle "GER"]
[Source "ChessBase"]
[SourceDate "1999.07.01"]
[SourceVersion "1"]
[SourceVersionDate "1999.07.01"]
[SourceQuality "1"]

1. e4 c5 2. Nf3 Nc6 3. d4 cxd4 4. Nxd4 e5 5. Nb5 a6 6. Nd6+ Bxd6 7. Qxd6 Qf6 8. Qc7 Nge7 9. Nc3 Nd4 10. Bd3 d6 11. Be3 0-0 12. h4 h6 13. Na4 Bg4 14. Bxd4 exd4 15. Nb6 Rad8 16. f3 Be6 17. 0-0-0 Bxa2 18. Qxb7 Rb8 19. Qc7 Qf4+ 20. Rd2 Be6 21. Rhd1 Qe5 22. Nc4 Bxc4 23. Qxc4 Rfc8 24. Qa2 Rc5 25. f4 Ra5 26. fxe5 Rxa2 27. b3 dxe5 28. Kb1 Ra5 29. Rf2 Nc8 30. Bc4 Nd6 31. Bd5 Nb5 32. Bxf7+ Kh8 33. Rd3 Nc3+ 34. Rxc3 dxc3 35. Bd5 Rc5 36. Rf7 Rcc8 37. Be6 Rf8 38. Rc7 Rf1+ 39. Ka2 Rf2 40. Rxc3 Rxg2 41. h5 g6 42. hxg6 Rxg6 43. Bf5 Rgb6 44. Rc5 Kg7 45. Rxe5 Kf6 46. Rc5 Re8 47. Rd5 Re5 48. Rd8 Kg5 49. Rg8+ Kf4 50. Rg4+ Ke3 51. Rg3+ Kf4 52. Rg4+ Ke3 53. Rh4 a5 54. Ka3 Rd6 55. Rh3+ Kf4 56. Rh4+ Kg3 1/2-1/2